000 00473nam a2200169 4500
001 122092
003 ES-MaACL
005 20251011063128.0
007 t|
008 070214s1962 sp r ||||1| spa d
100 1 _aPrieto, Antonio,
_d1930-
_9151033
245 1 0 _aElegĂ­a por una esperanza
_b: novela /
_cAntonio Prieto.
260 _aMadrid :
_bCid,
_c1962.
300 _a239 p. ;
_c20 cm.
852 _aES-MaACL
_jC-21423
_bR.49808
999 _c122092
_d122092